000
00399nam a2200133Ia 4500
008
151001s9999||||xx |||||||||||||| ||und||
100
_a
मधुसूदन घाणेकर
245
_a
हस्ताक्षरांचे अंतरंग
250
_a
1
260
_b
सुयोग प्रकाशन पुणे
260
_c
1996
300
_a
132
365
_b
21
999
_c
972807
_d
972804